[Event "97th ch-GBR"]
[Site "Canterbury ENG"]
[Date "2010.07.27"]
[Round "2"]
[White "Goodger,M"]
[Black "Combie,A"]
[Result "1/2-1/2"]
[WhiteElo "2123"]
[BlackElo "2018"]

1.e4 c5 2.Nf3 d6 3.Bb5+ Nd7 4.c3 Nf6 5.Qe2 a6 6.Ba4 b5 7.Bc2 e5 8.O-O g6
9.d4 Bg7 10.Rd1 Qc7 11.a4 bxa4 12.Bxa4 O-O 13.d5 Nb6 14.Bc2 c4 15.Nbd2 Bd7
16.Nf1 Bb5 17.Ne3 Nfd7 18.Ng4 Nc5 19.Ne1 Nb3 20.Rb1 Nxc1 21.Rbxc1 Ba4 22.Bxa4 Nxa4
23.Ra1 Nb6 24.Ra5 f5 25.exf5 gxf5 26.Ne3 e4 27.Qh5 f4 28.Nf5 Qd7 29.Nxg7 Qxg7
30.Rd4 Qe7 31.Qe2 e3 32.fxe3 Qxe3+ 33.Qxe3 fxe3 34.Re4 Rf5 35.Rxe3 Rxd5 36.Rxd5 Nxd5
37.Re6 Rd8 38.Nf3 Nf4 39.Re4 Nd3 40.Rg4+ Kf8 41.Rxc4 Nxb2 42.Rc7 Ra8 43.Rxh7 Kg8
44.Rb7 Nd1 45.Rb3 a5 46.Nd4 a4 47.Ra3 Ne3 48.Kf2 Nc4 49.Ra1 a3 50.Nc2 Kf7
51.g4 Ke6 52.h4 Kd5 53.Ke2 Ke4 54.g5 Kf5 55.Rf1+ Kg6 56.Kd3 Ne5+ 57.Kd4 Kh5
58.Kd5 Kxh4 59.Kxd6 Nc4+ 60.Kc5 Nd2 61.Rg1 Nf3 62.Ra1 Nxg5 63.Nxa3 Kg4 64.Rg1+ Kf5
65.Rf1+ Ke6 66.Re1+ Kd7 67.Nb5 Rc8+ 68.Kd5 Nf7 69.c4 Nd8 70.Rh1 Nc6 71.c5 Nb4+
72.Kc4 Na6 73.Rh7+ Kd8 74.Rh8+ Kd7 75.Rxc8  1/2-1/2

[Event "21st Czech GM Open"]
[Site "Pardubice CZE"]
[Date "2010.07.27"]
[Round "5"]
[White "Simacek,P"]
[Black "Koepke,C"]
[Result "1-0"]
[WhiteElo "2532"]
[BlackElo "2381"]

1.e4 c5 2.Nf3 d6 3.Bb5+ Nc6 4.c3 Nf6 5.d3 Bd7 6.O-O a6 7.Ba4 e5 8.Nbd2 Be7
9.Re1 b5 10.Bc2 O-O 11.h3 Re8 12.d4 cxd4 13.cxd4 exd4 14.Nb3 d5 15.e5 Ne4
16.Bf4 Bb4 17.Re2 f6 18.Nbxd4 Nxe5 19.Bxe5 fxe5 20.Bxe4 dxe4 21.Qb3+ Kh8
22.Nxe5 Rxe5 23.Qxb4 Qf6 24.Rae1 Rae8 25.Nf3 Qe7 26.Qxe7 R5xe7 27.Nd2 Bc6
28.f3 e3 29.Ne4 Bd5 30.a3 h6 31.Rxe3 Rc8 32.Nc3 Rxe3 33.Rxe3 Bc4 34.Re1 Rb8
35.Rd1 Rb6 36.Rd4 Bf7 37.Kf2 Kg8 38.Ke3 Kf8 39.h4 Re6+ 40.Ne4 Ke7 41.g4 Rc6
42.Nc3 Bc4 43.f4 Rc5 44.f5 Bf7 45.Kf4 Bb3 46.g5 hxg5+ 47.hxg5 Bf7 48.Ne4 Rc2
49.f6+ gxf6 50.gxf6+ Ke8 51.Rd2 Rc1 52.Rd6 Rf1+ 53.Ke5 Re1 54.Rxa6 Bg6 55.Re6+ Kf8
56.Kd4 Re2 57.b4 Re1 58.Ng5 Rf1 59.Rb6 Rf4+ 60.Ke3  1-0

[Event "MTO"]
[Site "Biel SUI"]
[Date "2010.07.28"]
[Round "9"]
[White "Satta,V"]
[Black "Nedilko,V"]
[Result "1/2-1/2"]
[WhiteElo "2255"]
[BlackElo "2408"]

1.e4 c5 2.Nf3 d6 3.Bb5+ Bd7 4.Bxd7+ Nxd7 5.d4 cxd4 6.Qxd4 Ngf6 7.Nc3 e6 8.O-O a6
9.Bg5 Be7 10.Rfd1 Rc8 11.a4 O-O 12.a5 Qc7 13.Qd2 Rfd8 14.h3 h6 15.Be3 Nc5
16.Qe1 Qc6 17.Nd4 Qc7 18.Nf3 Qb8 19.Nd2 Ncd7 20.Qe2 Qc7 21.Nb3 Re8 22.f4 Qc4
23.Qf3 d5 24.exd5 exd5 25.Rac1 Ba3 26.Rd4 Qc6 27.Nd1 Bf8 28.Nf2 Nc5 29.Nxc5 Bxc5
30.Rd3 Bxe3 31.Rxe3 Qc5 32.Rxe8+ Rxe8 33.Qc3 Qxf2+ 34.Kxf2 Ne4+ 35.Kf3 Nxc3
36.bxc3 Rc8 37.Ke3 Rxc3+ 38.Kd4 Ra3 39.Rb1 Rxa5 40.Rxb7 g6 41.g3 Kf8 42.Ra7 h5
43.Ke5 Kg7 44.Rc7 Rb5 45.Kd4 a5 46.Rd7 Rb2 47.Rc7 Rb5 48.Rd7 Rb2  1/2-1/2

[Event "21st Czech GM Open"]
[Site "Pardubice CZE"]
[Date "2010.07.28"]
[Round "6"]
[White "Congiu,M"]
[Black "Hoffmann,Pau"]
[Result "1-0"]
[WhiteElo "2199"]
[BlackElo "2382"]

1.e4 c5 2.Nf3 d6 3.Bb5+ Bd7 4.Bxd7+ Qxd7 5.O-O Nc6 6.c3 Nf6 7.Re1 e6 8.d4 d5
9.e5 Ng8 10.a3 c4 11.Nbd2 Nge7 12.Nf1 Na5 13.Rb1 Nc8 14.Ng3 Nb6 15.Ng5 h6
16.Qh5 g6 17.Qh4 Be7 18.Qh3 Nb3 19.Be3 Na4 20.Ne2 a5 21.g4 Bf8 22.Nf3 Bg7
23.Nd2 Nb6 24.Nc1 Nxd2 25.Bxd2 Qa4 26.Ne2 Qc2 27.Be3 Na4 28.Nf4 Ra6 29.Qf3 Rb6
30.Rec1 Qb3 31.Qd1 O-O 32.Rc2 Qb5 33.h4 Qe8 34.g5 hxg5 35.hxg5 Kh7 36.Nh5 Rh8
37.Nf6+ Bxf6 38.gxf6 Kg8 39.Kg2 Rh5 40.Qxh5 gxh5 41.Rh1 Rxb2 42.Rcc1 Qb5
43.Bh6 Nxc3 44.Rxh5 Rxf2+ 45.Kh1 Ne2 46.Rg1+ Nxg1 47.Bg7 Rh2+ 48.Kxh2 Qb2+
49.Kh1  1-0

[Event "21st Czech GM Open"]
[Site "Pardubice CZE"]
[Date "2010.07.28"]
[Round "6"]
[White "Pribyl,Jo"]
[Black "Velicka,P"]
[Result "1/2-1/2"]
[WhiteElo "2325"]
[BlackElo "2483"]

1.e4 c5 2.Nf3 d6 3.Bb5+ Bd7 4.Bxd7+ Qxd7 5.c4 Nf6 6.Nc3 g6 7.O-O Bg7 8.d4 cxd4
9.Nxd4 O-O 10.f3 Rc8 11.b3 d5 12.exd5 Nxd5 13.Nxd5 e6 14.Bh6 exd5 15.Bxg7 Kxg7
16.cxd5 Qxd5 17.Ne2 Qe5 18.f4 Qe3+ 19.Kh1 Nc6 20.Rf3 Qe8 21.Qd2  1/2-1/2

[Event "Open ch-BUL w"]
[Site "Vratsa BUL"]
[Date "2010.07.28"]
[Round "5"]
[White "Genova,Ly"]
[Black "Raeva,E"]
[Result "1/2-1/2"]
[WhiteElo "2260"]
[BlackElo "2286"]

1.e4 c5 2.Nf3 d6 3.Bb5+ Nc6 4.Bxc6+ bxc6 5.O-O e5 6.c3 Bg4 7.h3 Bh5 8.Re1 Be7
9.d4 cxd4 10.cxd4 f6 11.Be3 g5 12.dxe5 fxe5 13.Qc1 Qd7 14.Nxg5 Nf6 15.Nd2 O-O
16.Qc2 Kh8 17.Rac1 Rac8 18.f4 exf4 19.Bxf4 Bg6 20.Qc3 h6 21.Ngf3 Kh7 22.Qe3 Bd8
23.Nc4 Nxe4 24.Bxh6 Re8 25.Qf4 d5 26.Nce5 Bb6+ 27.Kh2 Qd6 28.Nd3 Bc7 29.Qxd6 Nxd6
30.Bf4 Bxd3 31.Rxc6 Nb5 32.Bxc7 Rxe1 33.Nxe1 Be4 34.Rc5 Nxc7 35.Nc2 Bxc2
36.Rxc2 d4 37.Rc4 d3 38.Rd4 Ne6 39.Rxd3 Kg6 40.Ra3 Rc7 41.Ra6 Kf5 42.g4+ Ke5
43.b4 Nf4 44.Ra3 Ke4 45.b5 Ne2 46.Kg2 Nc3 47.Ra5 Kf4 48.g5 Ne4 49.Ra3  1/2-1/2

[Event "TCh-MNE Premier League"]
[Site "Cetinje MNE"]
[Date "2010.07.29"]
[Round "6"]
[White "Kovacevic,A"]
[Black "Sedlak,N"]
[Result "1/2-1/2"]
[WhiteElo "2581"]
[BlackElo "2557"]

1.e4 c5 2.Nf3 d6 3.Bb5+ Nc6 4.O-O Bd7 5.c3 Nf6 6.Re1 a6 7.Ba4 c4 8.Bc2 Ng4
9.Qe2 Nge5 10.Nxe5 Nxe5 11.f4 Qb6+ 12.Kh1 Ng4 13.Rf1 Qc5 14.d4 cxd3 15.Bxd3 g6
16.Nd2 Bg7 17.Nf3 O-O 18.h3 Nf6 19.Be3 Qc7 20.Qf2 b5 21.Rae1 Be6 22.e5 dxe5
23.fxe5 Nd7 24.Qh4 Bd5 25.e6 Bxf3 26.exd7 Qxd7 27.Rxf3 Qxd3 28.Bh6 Qd5 29.Bxg7 Kxg7
30.Rxe7 Qxa2 31.Qf6+ Kg8 32.h4 Qd5 33.Re5 Qd1+ 34.Rf1 Qd8 35.Re7 Qd5 36.Re5 Qd8  1/2-1/2

[Event "TCh-MNE Premier League"]
[Site "Cetinje MNE"]
[Date "2010.07.29"]
[Round "6"]
[White "Solak,D"]
[Black "Roganovic,Milo"]
[Result "1/2-1/2"]
[WhiteElo "2567"]
[BlackElo "2497"]

1.e4 c5 2.Nf3 d6 3.Bb5+ Bd7 4.Bxd7+ Qxd7 5.O-O Nc6 6.c3 Nf6 7.Re1 e6 8.d4 cxd4
9.cxd4 d5 10.e5 Ne4 11.Nbd2 Nxd2 12.Bxd2 Be7 13.Rc1 O-O 14.Rc3 f6 15.exf6 Rxf6
16.Qe2 Bd6 17.Bg5 Rxf3 18.Qxf3 Bb4 19.Qg4 Bxc3 20.bxc3 Re8 21.h4 Qf7 22.Re3 h5
23.Qe2 a6 24.Kh2 Qg6 25.Bf4 Qf5 26.Bd6 Rd8 27.Be5 Rd7 28.Bg3 Re7 29.Bd6 Rd7
30.Rf3 Qg6 31.Bg3 Rf7 32.Re3 Rf6  1/2-1/2

[Event "IV AD San Juan Open"]
[Site "Pamplona ESP"]
[Date "2010.07.29"]
[Round "5"]
[White "Fierro Baquero,M"]
[Black "Vazquez Igarza,R"]
[Result "0-1"]
[WhiteElo "2372"]
[BlackElo "2527"]

1.e4 c5 2.Nf3 d6 3.Bb5+ Bd7 4.Bxd7+ Qxd7 5.c4 Nc6 6.Nc3 g6 7.d4 Bg7 8.Be3 cxd4
9.Nxd4 Nf6 10.f3 O-O 11.O-O a6 12.a4 e6 13.Rc1 Rac8 14.b3 Rfd8 15.Qd2 d5
16.cxd5 exd5 17.Nxc6 bxc6 18.exd5 Qb7 19.dxc6 Qxb3 20.Qa2 Qxa2 21.Nxa2 Rd3
22.Bf2 Rd2 23.Nb4 a5 24.Na6 Rd6 25.Nc5 Rdxc6 26.Nb3 Rxc1 27.Rxc1 Rxc1+ 28.Nxc1 Nd5
29.Be1 Bd4+ 30.Kf1 Ne3+ 31.Ke2 Nxg2 32.Bxa5 Nf4+ 33.Kd2 Kf8 34.Nb3 Bg1 35.Bc7 Nd5
36.Bd6+ Ke8 37.Kd3 Kd7 38.Be5 f6 39.Bg3 h5 40.Nd4 g5 41.a5 h4 42.Bb8 Nb4+
43.Kc4 Na6 44.Ba7 Bxh2 45.Nc2 h3  0-1

[Event "Tch-POR 1st Div Final"]
[Site "Vila Nova de Gaia POR"]
[Date "2010.07.29"]
[Round "6.3"]
[White "Albano Jeremias,B"]
[Black "Martins,Man"]
[Result "1/2-1/2"]
[WhiteElo "1951"]
[BlackElo "1940"]

1.e4 c5 2.Nf3 d6 3.Bb5+ Bd7 4.Bxd7+ Nxd7 5.O-O Ngf6 6.Qe2 g6 7.b3 Bg7 8.Bb2 O-O
9.c4 a6 10.Nc3 e5 11.Ne1 Nh5 12.Nd3 Qg5 13.Nd5 Bh6 14.f4 exf4 15.N3xf4 Nxf4
16.Nxf4 Rae8 17.d3 f5 18.Nd5 fxe4 19.Rxf8+ Bxf8 20.Rf1 Bg7 21.Bxg7 Kxg7 22.Nc7 Re5
23.dxe4 Nf6 24.Qf3 Re7 25.Nd5 Rf7 26.g3 Qe5 27.Nxf6 Rxf6 28.Qxf6+ Qxf6 29.Rxf6 Kxf6
30.Kf2 Ke5 31.Ke3 g5 32.h3  1/2-1/2

[Event "Tch-POR 1st Div Final"]
[Site "Vila Nova de Gaia POR"]
[Date "2010.07.29"]
[Round "6.1"]
[White "Ulyanovskyy,Vi"]
[Black "Hoffman,A"]
[Result "0-1"]
[WhiteElo "2274"]
[BlackElo "2445"]

1.e4 c5 2.Nf3 d6 3.Bb5+ Bd7 4.Bxd7+ Qxd7 5.O-O Nf6 6.Re1 e6 7.d4 cxd4 8.Nxd4 Be7
9.c4 a6 10.Nc3 Qc7 11.Qe2 Nbd7 12.Bd2 O-O 13.Rac1 Rfe8 14.b3 Rac8 15.f4 g6
16.Kh1 Qb8 17.Qf3 Bd8 18.Qh3 h5 19.Qg3 Bb6 20.Be3 Ng4 21.Bg1 Qa7 22.h3 Bxd4
23.Bxd4 Qxd4 24.hxg4 hxg4 25.Red1 Qc5 26.Na4 Qh5+ 27.Kg1 b5 28.Nb2 Nf6 29.Qe3 g3
30.Qxg3 Nxe4 31.Qe3 Nf6 32.Nd3 bxc4 33.bxc4 Qh2+ 34.Kf1 e5 35.Qh3 Qxh3 36.gxh3 exf4
37.Nxf4 Re4 38.Ne2 Rc6 39.Nd4 Rc5 40.Nb3 Rf5+ 41.Kg1 Rg5+ 42.Kf1 Rf4+ 43.Ke1 Rg1+
44.Ke2 Rg2+ 45.Ke3 Rh4 46.Rxd6 Rxh3+ 47.Kd4 Rg4+ 48.Kc5 Ne4+ 49.Kc6 Nxd6
50.Kxd6 Rd3+ 51.Kc7 Rg2 52.Nc5 Ra3 53.Nd7 Raxa2 54.c5 a5 55.c6 a4 56.Kb7 Rgc2
57.Rf1 Ra3 58.Ne5 Rb3+ 59.Kc7 a3 60.Rxf7 a2 61.Rf6 a1=Q 62.Rxg6+ Kh7 63.Re6 Qa7+
64.Kd6 Rd2+  0-1

[Event "19th Open"]
[Site "Kavala GRE"]
[Date "2010.07.30"]
[Round "1"]
[White "Rozentalis,E"]
[Black "Galopoulos,N"]
[Result "1-0"]
[WhiteElo "2631"]
[BlackElo "2295"]

1.e4 c5 2.Nf3 d6 3.Bb5+ Nd7 4.c3 Nf6 5.Qe2 a6 6.Ba4 g6 7.O-O Bg7 8.d4 b5
9.Bc2 cxd4 10.cxd4 Nb6 11.e5 Nfd5 12.h3 O-O 13.Be4 Bb7 14.e6 f5 15.Bc2 Rc8
16.Bb3 Nc4 17.Rd1 Na5 18.Bxd5 Bxd5 19.Nc3 Bc4 20.Qe1 Rf6 21.d5 Rf8 22.Ng5 b4
23.Ne2 Rc5 24.Nf4 Qa8 25.Be3 Rb5 26.Bd4 Bxd5 27.a4 bxa3 28.Bxg7 Kxg7 29.Qc3+ Rf6
30.b4 h6 31.Nf7 Bxe6 32.Nxe6+ Kxf7 33.Nc7  1-0

[Event "5th FIDE GP w"]
[Site "Ulaanbaatar MGL"]
[Date "2010.07.30"]
[Round "1"]
[White "Yildiz,B"]
[Black "Zhao Xue"]
[Result "0-1"]
[WhiteElo "2235"]
[BlackElo "2462"]

1.e4 c5 2.Nf3 d6 3.Bb5+ Nc6 4.O-O Bd7 5.Re1 Nf6 6.h3 a6 7.Bf1 e6 8.c3 Be7
9.d4 cxd4 10.cxd4 d5 11.e5 Ne4 12.Nbd2 Nxd2 13.Bxd2 Qb6 14.Bc3 Rc8 15.Rc1 O-O
16.Bd3 Na5 17.Nh2 Nc4 18.Qh5 g6 19.Qe2 Bb5 20.Nf3 Rc6 21.h4 Rfc8 22.Rb1 Qd8
23.h5 Qf8 24.g3 R8c7 25.Kg2 Na3 26.Rbc1 Qc8 27.Rcd1 Bxd3 28.Qxd3 Nc4 29.Re2 b5
30.Be1 b4 31.Nh2 a5 32.Qf3 Qf8 33.Ng4 gxh5 34.Nf6+ Bxf6 35.Qxf6 Rc8 36.Qg5+ Qg7
37.Qxh5 Qg6 38.Qf3 Nb6 39.Bd2 Rc2 40.Bf4 Na4 41.Rdd2 Rxd2 42.Rxd2 Rc1 43.Qe2 Kg7
44.Kh2 h5 45.Qe3 Rb1 46.Bg5 Nxb2 47.Bf6+ Kh7 48.Qe2 Na4 49.Rc2 Nc3 50.Qf3 Ra1
51.Bd8 Qxc2  0-1

[Event "ch-AUT w"]
[Site "Vienna AUT"]
[Date "2010.07.31"]
[Round "8"]
[White "Wunderl,E"]
[Black "Newrkla,K"]
[Result "0-1"]
[WhiteElo "1798"]
[BlackElo "2105"]

1.e4 c5 2.Nf3 d6 3.Bb5+ Bd7 4.Bxd7+ Qxd7 5.O-O Nc6 6.c3 Nf6 7.Re1 e6 8.d4 cxd4
9.cxd4 d5 10.exd5 Nxd5 11.Ne5 Qc7 12.b3 Bb4 13.Bd2 Be7 14.Qg4 O-O 15.Bh6 Bf6
16.Nxc6 Qxc6 17.Nd2 Kh8 18.Bg5 Qb6 19.Nf3 Rad8 20.Bxf6 Nxf6 21.Qf4 Nd5 22.Qd2 h6
23.Rac1 Ne7 24.Red1 Nc6 25.Qf4 Kg8 26.h3 Rd5 27.Rd2 Rfd8 28.Rcd1 Qb4 29.Qe3 Ne7
30.Rd3 Nf5 31.Qd2 Qxd2 32.R3xd2 f6 33.Kf1 Kf7 34.Ke2 g5 35.Rc1 R8d7 36.g4 Ne7
37.Rc5 b6 38.Rc4 Ng6 39.Ke3 Nf4 40.Ng1 Ke7 41.Rcc2 R5d6 42.a3 a5 43.f3 Kf7
44.Rb2 Rc7 45.Rbc2 Rdc6 46.Rxc6 Rxc6 47.Ne2 Nxh3 48.Rd1 Nf4 49.Nxf4 gxf4+
50.Kxf4 Rc3 51.Rb1 b5 52.Rb2 Kg6 53.Rb1 Rd3 54.Ke4 Rc3 55.Kf4 Kf7 56.Rb2 Ke7
57.Ke4 Kf7 58.Rb1 Rc2 59.b4 a4 60.Ra1 Rc3 61.Ra2 Kg6 62.d5 Rc4+ 63.Kd3 exd5
64.Rh2 Rf4 65.Ke3 Rc4 66.Kd3 Rc1 67.Rh5 Ra1 68.Rxd5 Rxa3+ 69.Ke2 Ra1 70.Rxb5 a3
71.Ra5 a2 72.Kd2 Rh1 73.Rxa2 Rh2+  0-1

[Event "Politiken Cup"]
[Site "Copenhagen DEN"]
[Date "2010.08.01"]
[Round "2"]
[White "Andersson,C"]
[Black "Baklan,V"]
[Result "0-1"]
[WhiteElo "2129"]
[BlackElo "2638"]

1.e4 c5 2.Nf3 d6 3.Bb5+ Nd7 4.O-O a6 5.Bxd7+ Bxd7 6.e5 e6 7.d4 cxd4 8.exd6 Qb6
9.Na3 Qxd6 10.Nxd4 Qc7 11.b3 Nf6 12.Nc4 b5 13.Ne3 Bd6 14.h3 O-O 15.Bb2 Bh2+
16.Kh1 Bf4 17.Qf3 e5 18.Ndf5 Bxf5 19.Nxf5 Qxc2 20.Ne7+ Kh8 21.Rab1 Ne4 22.Nd5 Nd2
23.Qe2 Rac8 24.Nxf4 exf4 25.Ba3 Rfe8 26.Qg4 Qg6 27.Qxg6 hxg6 28.Bd6 Nxb1
29.Rxb1 Rc2 30.Bxf4 Rxf2  0-1

[Event "Politiken Cup"]
[Site "Copenhagen DEN"]
[Date "2010.08.01"]
[Round "3"]
[White "Meier,Geo"]
[Black "Bach,Mat"]
[Result "1-0"]
[WhiteElo "2648"]
[BlackElo "2303"]

1.e4 c5 2.Nf3 d6 3.Bb5+ Bd7 4.Bxd7+ Nxd7 5.O-O Ngf6 6.Qe2 Qc7 7.d3 g6 8.c3 Rc8
9.Bg5 Bg7 10.Re1 O-O 11.d4 h6 12.Bd2 Qb6 13.b3 d5 14.exd5 cxd4 15.cxd4 Nxd5
16.Na3 Rfe8 17.Nc4 Qa6 18.a4 N5b6 19.Na5 Qxe2 20.Rxe2 Nd5 21.Nxb7 Rc2 22.Rae1 g5
23.h3 Rec8 24.Kf1 f5 25.Na5 N7b6 26.g3 f4 27.gxf4 gxf4 28.Re4 Rf8 29.Rc1 Rb2
30.Be1 Rf5 31.Re2 Rxe2 32.Kxe2 Rh5 33.Nc6 Nc8 34.Rc5 e6 35.Nd8 Nce7 36.h4 e5
37.dxe5 Bxe5 38.Nc6 Bd6 39.Nxe7+ Bxe7 40.Ra5  1-0

[Event "ch-AUT"]
[Site "Vienna AUT"]
[Date "2010.08.01"]
[Round "9"]
[White "Sandhoefner,F"]
[Black "Freitag,Ma"]
[Result "1/2-1/2"]
[WhiteElo "2229"]
[BlackElo "2387"]

1.e4 c5 2.Nf3 d6 3.Bb5+ Nd7 4.d4 Nf6 5.Nc3 cxd4 6.Qxd4 e5 7.Qd3 h6 8.Be3 Be7
9.O-O a6 10.Bc4 Qc7 11.Nd5 Nxd5 12.Bxd5 Nf6 13.Bb3 O-O 14.Nh4 Be6 15.Bxe6 fxe6
16.Ng6 Rfe8 17.Nxe7+ Rxe7 18.c4 Qc6 19.f3 d5 20.cxd5 exd5 21.exd5 Nxd5 22.Rac1 Qe6
23.Bc5 Rd7 24.Qb3 Rc8 25.Bf2 Rxc1 26.Rxc1 Nf4 27.Qxe6+ Nxe6 28.Be3 Nf4 29.Kf1 Kf7
30.Bxf4 exf4 31.Ke2 Ke6 32.Rc4 g5 33.Rc8 Kf5 34.Rc5+ Kg6 35.Rc8 Kf5 36.Rc5+ Ke6
37.Rc8 Kd5 38.Kd2 Rd6 39.Rc7 Rb6 40.b3 Kd6 41.Rh7 Kc5 42.Kc3 a5 43.h4 gxh4
44.Rf7 Rg6 45.Rxf4 Rxg2 46.Rxh4 Rxa2 47.Rh5+ Kc6  1/2-1/2

[Event "ch-AUT"]
[Site "Vienna AUT"]
[Date "2010.08.01"]
[Round "9"]
[White "Froewis,G"]
[Black "Menezes,C"]
[Result "1/2-1/2"]
[WhiteElo "2279"]
[BlackElo "1947"]

1.e4 c5 2.Nf3 d6 3.Bb5+ Bd7 4.Bxd7+ Qxd7 5.c4 Nf6 6.Nc3 g6 7.d4 cxd4 8.Nxd4 Bg7
9.h3 O-O 10.Be3 Nc6 11.O-O Rac8 12.b3 Rfd8 13.Rc1 e6 14.f4 b6 15.Kh1 Qb7
16.f5 Nxd4 17.fxg6 fxg6 18.Bxd4 Nxe4 19.Nxe4 Qxe4 20.Bxg7 Kxg7 21.Rc3 e5
22.Rd3 Rc6 23.Rdf3 Rc7 24.Re1 Qb7 25.Rxe5 dxe5 26.Qxd8 Rf7 27.Re3 Rf5 28.Qd6 Qf7
29.Kh2 Qf6 30.Qb8 Qe7 31.a4 h5 32.a5 bxa5 33.Qc8 e4 34.Qb8 Re5 35.Qa8 h4
36.Qc6 Re6 37.Qd5 Re5 38.Qd4 Kh7 39.Kh1 Kh6 40.c5 Qxc5 41.Rxe4  1/2-1/2

[Event "Tch-POR 1st Div Final"]
[Site "Vila Nova de Gaia POR"]
[Date "2010.08.01"]
[Round "9.3"]
[White "Ulyanovskyy,Vi"]
[Black "Rubio Mejia,L"]
[Result "1/2-1/2"]
[WhiteElo "2274"]
[BlackElo "2354"]

1.e4 c5 2.Nf3 d6 3.Bb5+ Nd7 4.O-O Nf6 5.Re1 a6 6.Bxd7+ Bxd7 7.d4 cxd4 8.Nxd4 e6
9.c4 Be7 10.b3 b5 11.Qd3 bxc4 12.Qxc4 Qb6 13.Nc3 O-O 14.Be3 Qb7 15.Qd3 Rfc8
16.f3 Rc7 17.Rac1 Rac8 18.Red1 Be8 19.Nce2 Rxc1 20.Rxc1 Nd7 21.Rxc8 Qxc8
22.Qc3 Qxc3 23.Nxc3 Ne5 24.Kf1 Bd7 25.Ke2 Kf8 26.f4 Nc6 27.Nxc6 Bxc6 28.Bd4 g6
29.g3 Ke8 30.Kd3 Kd7 31.Kc4  1/2-1/2

[Event "GM"]
[Site "Stara Pazova SRB"]
[Date "2010.08.02"]
[Round "2"]
[White "Kovacevic,Draga"]
[Black "Ilincic,Z"]
[Result "0-1"]
[WhiteElo "2282"]
[BlackElo "2455"]

1.e4 c5 2.Nf3 d6 3.Bb5+ Bd7 4.Bxd7+ Qxd7 5.O-O Nc6 6.Re1 Nf6 7.c3 e5 8.d4 h6
9.Na3 Rc8 10.dxc5 dxc5 11.Qc2 Qe6 12.b3 Be7 13.Bb2 O-O 14.Qe2 a6 15.Nc2 Rfd8
16.h3 Rc7 17.Red1 Rcd7 18.Rxd7 Rxd7 19.Nce1 b5 20.Kh2 c4 21.b4 a5 22.bxa5 Nxa5
23.g3 Nb7 24.a4 Nc5 25.axb5 Nfxe4 26.Ra8+ Kh7 27.Ba3 f5 28.Rc8 Nd3 29.Bxe7 Rxe7
30.Rc6 Qd5 31.Ng2 Qxb5 32.Rc8 Nexf2 33.Ng5+ Kg6 34.Nh4+ Kxg5 35.Rf8 Qd7 36.Qf3 Rf7
37.Rb8 f4 38.gxf4+ Kxh4 39.Qg3+ Kh5 40.Rb6 Qxh3+  0-1

[Event "IM"]
[Site "Szombathely HUN"]
[Date "2010.08.03"]
[Round "8"]
[White "Majeric,Z"]
[Black "Farkas,Ti"]
[Result "1/2-1/2"]
[WhiteElo "2267"]
[BlackElo "2246"]

1.e4 c5 2.Nf3 d6 3.Bb5+ Bd7 4.Bxd7+ Qxd7 5.O-O Nc6 6.Qe2 Nf6 7.Rd1 e5 8.c3 Be7
9.d3 O-O 10.a4 Rfe8 11.Na3  1/2-1/2

[Event "49th WJun"]
[Site "Chotowa POL"]
[Date "2010.08.04"]
[Round "2"]
[White "Roos,Ad"]
[Black "Arenas,D"]
[Result "0-1"]
[WhiteElo "2097"]
[BlackElo "2364"]

1.e4 c5 2.Nf3 d6 3.Bb5+ Nd7 4.c3 Nf6 5.Qe2 a6 6.Ba4 c4 7.Bc2 Qc7 8.b3 b5
9.bxc4 bxc4 10.Na3 Nb6 11.e5 dxe5 12.Nxe5 Be6 13.Rb1 Nfd7 14.Nxd7 Bxd7 15.O-O e6
16.Be4 Rc8 17.Qh5 Bc5 18.Nc2 Bb5 19.Ne3 Bd6 20.Kh1 Qc5 21.Qxc5 Bxc5 22.Nc2 Ke7
23.f4 Rhd8 24.g3 f5 25.Bf3 Kf6 26.Kg2 h6 27.h4 Nd7 28.Re1 e5 29.Ne3 Bxe3
30.Rxe3 exf4 31.gxf4 Nc5 32.Be2 Ne4 33.Rb2 Rd6 34.Kf1 g5 35.hxg5+ hxg5 36.fxg5+ Nxg5
37.Rg3 Rh8 38.a4 f4 39.Rg4 f3 40.Bxf3 Nxf3 41.Rf4+ Ke5 42.Rxf3 Bc6 43.Re3+ Be4
44.d4+ cxd3 45.Ke1 Rh1+ 46.Kd2 Rg6 47.Re1 Rg2+ 48.Kd1 Rxb2 49.Bxb2 Rh2 50.Bc1  0-1

[Event "49th WJun"]
[Site "Chotowa POL"]
[Date "2010.08.04"]
[Round "2"]
[White "Green,An"]
[Black "Golichenko,I"]
[Result "0-1"]
[WhiteElo "2172"]
[BlackElo "2419"]

1.e4 c5 2.Nf3 d6 3.Bb5+ Bd7 4.Bxd7+ Qxd7 5.O-O Nc6 6.Qe2 Nf6 7.c3 e6 8.d4 cxd4
9.cxd4 d5 10.e5 Ne4 11.Be3 Be7 12.Nbd2 f6 13.exf6 gxf6 14.Nxe4 dxe4 15.Nd2 Qd5
16.Qg4 f5 17.Qh5+ Kd7 18.Kh1 Rag8 19.f3 exf3 20.Qxf3 Nb4 21.Rac1 Rc8 22.Bf4 Rxc1
23.Rxc1 Rc8 24.Rxc8 Kxc8 25.a3 Qxf3 26.Nxf3 Nd3 27.Bg5 Bd6 28.b4 Kd7 29.Kg1 Kc6
30.Kf1 Kb5 31.Bf6 Ka4 32.Ng5 Bxh2 33.Nxe6 Kxa3 34.Nc5 Nxc5 35.bxc5 Kb4 36.Kf2 Bf4
37.Kf3 Bh6 38.g4 fxg4+ 39.Kxg4 Kc4 40.Kf3 Kd5  0-1

[Event "GM2 Prima Pack Cup"]
[Site "Olomouc CZE"]
[Date "2010.08.04"]
[Round "1"]
[White "Simacek,P"]
[Black "Oparin,G"]
[Result "1/2-1/2"]
[WhiteElo "2532"]
[BlackElo "2309"]

1.e4 c5 2.Nf3 d6 3.Bb5+ Bd7 4.c4 Nf6 5.Nc3 a6 6.Bxd7+ Nbxd7 7.d4 cxd4 8.Qxd4 g6
9.O-O Bg7 10.Bg5 O-O 11.Qd2 Rc8 12.Qe2 h6 13.Bh4 Qc7 14.Nd2 Qc5 15.Rac1 Ne5
16.Kh1 Qd4 17.b3 Nd3 18.Rc2 Nf4 19.Qf3 Ne6 20.Bxf6 Bxf6 21.Nd5 Bg5 22.Qe2 Nf4
23.Nxf4 Bxf4 24.Nf3 Qf6 25.g3 Be5 26.Nxe5 Qxe5 27.f4 Qf6 28.Rd2 Rc5 29.Rd5 Rfc8
30.a4 Qc3 31.Rd3 Qf6 32.Rd5 Qc3 33.Rf3 Qa1+ 34.Kg2 b5 35.Rf1 Qc3 36.Rf3 Qa1
37.Rf1 Qc3 38.Rf3  1/2-1/2

[Event "97th ch-GBR"]
[Site "Canterbury ENG"]
[Date "2010.08.05"]
[Round "10"]
[White "Adams,Mi"]
[Black "Williams,Si1"]
[Result "1-0"]
[WhiteElo "2706"]
[BlackElo "2511"]

1.e4 c5 2.Nf3 d6 3.Bb5+ Bd7 4.Bxd7+ Qxd7 5.c4 Nf6 6.Nc3 g6 7.d4 cxd4 8.Nxd4 Bg7
9.f3 O-O 10.Be3 Rc8 11.b3 e6 12.Rc1 d5 13.e5 Ne8 14.cxd5 exd5 15.f4 Nc6 16.O-O Nc7
17.Nxc6 bxc6 18.Ne4 Ne8 19.Nc5 Qe7 20.Nd3 Qe6 21.Qf3 a5 22.Nc5 Qe7 23.Bf2 Rab8
24.Qh3 f5 25.Qc3 Ra8 26.Na4 Ra6 27.Qd3  1-0

[Event "49th WJun"]
[Site "Chotowa POL"]
[Date "2010.08.05"]
[Round "3"]
[White "Rasulov,Vu"]
[Black "Cordova,E"]
[Result "0-1"]
[WhiteElo "2442"]
[BlackElo "2560"]

1.e4 c5 2.Nf3 d6 3.Bb5+ Bd7 4.Bxd7+ Qxd7 5.c4 Nc6 6.d4 cxd4 7.Nxd4 g6 8.Nc3 Bg7
9.Be3 Nf6 10.f3 O-O 11.O-O Rfc8 12.b3 a6 13.a4 Qd8 14.Qd2 Qa5 15.Rfd1 Nd7
16.Rab1 Rab8 17.Kh1 Nf8 18.Qe1 Ne6 19.Nde2 Qd8 20.f4 Qe8 21.Qh4 Nc7 22.Nd5 b5
23.Nb6 Rd8 24.cxb5 axb5 25.Rbc1 bxa4 26.bxa4 e6 27.Qf2 Na6 28.Rb1 d5 29.exd5 exd5
30.h3 Nab4 31.Bc5 Bf8 32.Rb2 d4 33.Bxf8 Qxf8 34.a5 Nxa5 35.Na4 d3 36.Ng3 Rdc8
37.Ne4 f5 38.Nec5 Qd6 39.Qe1 Nc4 40.Rbb1 d2 41.Qe2 Rxc5 42.Nxc5 Qxc5 43.Rb3 Kf8
44.Qe6 Re8 45.Qf6+ Kg8 46.Kh2 Nd5 47.Qh4 Qc7  0-1

[Event "5th FIDE GP w"]
[Site "Ulaanbaatar MGL"]
[Date "2010.08.05"]
[Round "6"]
[White "Yildiz,B"]
[Black "Hou Yifan"]
[Result "0-1"]
[WhiteElo "2235"]
[BlackElo "2577"]

1.e4 c5 2.Nf3 d6 3.Bb5+ Nd7 4.d4 cxd4 5.Qxd4 a6 6.Bxd7+ Bxd7 7.Nc3 e5 8.Qd3 h6
9.a4 Rc8 10.O-O Qc7 11.Rd1 Nf6 12.Nd2 Be7 13.Nf1 O-O 14.Ne3 Be6 15.Bd2 Rfd8
16.b3 Qc5 17.Be1 g6 18.Ra2 Kg7 19.Ncd5 Nxd5 20.Nxd5 Bg5 21.Bb4 Qc6 22.Bd2 Bxd5
23.exd5 Qc5 24.c4 a5 25.Bc3 f5 26.g3 Bf6 27.Kg2 Re8 28.Re2 Re7 29.Rde1 Kh7
30.Qc2 Bg7 31.h4 Rf8 32.f3 b6 33.Rh1 Qc8 34.Bb2 Qd7 35.Rhe1 Ref7 36.Rh1 Qd8
37.Qd2 Re8 38.Bc3 h5 39.f4 exf4 40.Rxe8 Qxe8 41.Re1 Bxc3 42.Qxc3 Re7 43.Rxe7+ Qxe7
44.Kf1 fxg3 45.Qxg3 Qf6 46.Qf2 Qd8 47.Qd4 Kg8 48.Qf2 Kf7 49.Qd4 Qb8 50.Qe3 Qd8
51.Qf2 f4 52.Qd4 Qxh4 53.Qxb6 Qh3+ 54.Ke2 Qe3+ 55.Qxe3 fxe3 56.Kxe3 h4 57.Kf4 g5+
58.Kg4 Kf6 59.Kh3 Kf5 60.Kg2 g4 61.Kh2 Ke4 62.Kg2 g3 63.b4 axb4 64.a5 b3
65.a6 b2 66.a7 b1=Q 67.a8=Q Qb2+ 68.Kh3 Qh2+ 69.Kg4 g2 70.Qe8+ Kd4  0-1

[Event "97th ch-GBR"]
[Site "Canterbury ENG"]
[Date "2010.08.06"]
[Round "11"]
[White "Van Kemenade,R"]
[Black "Pleasants,A"]
[Result "1/2-1/2"]
[WhiteElo "1995"]
[BlackElo "2032"]

1.e4 c5 2.Nf3 d6 3.Bb5+ Bd7 4.Bxd7+ Nxd7 5.O-O Ngf6 6.Re1 e6 7.c3 Be7 8.d4 O-O
9.e5 Nd5 10.c4 N5b6 11.exd6 Bxd6 12.b3 cxd4 13.Qxd4 Bc5 14.Qd2 Nf6 15.Bb2 Qxd2
16.Nbxd2 Rfd8 17.Bxf6 gxf6 18.Ne4 Be7 19.Red1 f5 20.Nc3 Bf6 21.Rxd8+ Rxd8
22.Rd1 Rxd1+ 23.Nxd1 Kf8 24.Kf1 a5 25.Ke2 Nd7 26.a3 Be7 27.a4 Nc5 28.Nd2 Bf6
29.f3 Ke7 30.Nf2 Kd6 31.Nd3 Nxd3 32.Kxd3 Be5 33.g3 Kc5 34.f4 Ba1 35.Nf3 f6
36.Nh4 Kb4 37.Kc2 Bd4 38.Kd3 Bf2 39.Kc2 Bg1 40.Nf3 Bf2 41.Nh4 Bd4 42.Nf3 e5
43.Nh4 exf4 44.gxf4 Bg1 45.h3 Bh2 46.Nxf5 Bxf4 47.Ne7 Be5 48.Nf5 Kc5 49.Kd3 Kb4  1/2-1/2

[Event "49th WJun"]
[Site "Chotowa POL"]
[Date "2010.08.06"]
[Round "4"]
[White "Lukovic,V"]
[Black "Anton,T"]
[Result "1/2-1/2"]
[WhiteElo "2130"]
[BlackElo "2350"]

1.e4 c5 2.Nf3 d6 3.Bb5+ Nd7 4.O-O Nf6 5.Re1 a6 6.Bd3 e5 7.c3 Be7 8.a4 O-O
9.Bc2 b6 10.d4 Bb7 11.Nbd2 Re8 12.dxe5 Nxe5 13.Nxe5 dxe5 14.Qf3 Qc7 15.Nc4 b5
16.Ne3 g6 17.b3 Qc6 18.c4 Bd8 19.axb5 axb5 20.Rxa8 Bxa8 21.cxb5 Qxb5 22.Nc4 Qc6
23.Bb2 Bc7 24.Qc3 Nh5 25.Ne3 Nf4 26.Ba3 Bd6 27.g3 Ne6 28.Nd5 Kg7 29.Bd3 Nd4
30.Bc4 Qd7 31.Bc1 Bb7 32.f3 f6 33.Kg2 Ra8 34.Qd2 Qd8 35.Bb2 Bc8 36.Ra1 Rxa1
37.Bxa1 Qd7 38.Qf2 Qh3+ 39.Kg1 Qh5 40.Bxd4 exd4 41.Nb6 Bb7 42.Bd3 f5 43.Nc4 Bf8
44.Nd2 fxe4 45.Nxe4 Qe5 46.Qd2 Be7 47.Qe2 g5 48.Nd2 Qxe2 49.Bxe2 Bd5 50.Bc4 Bc6
51.Kf1 Kf6 52.Ke2 h5 53.Bd3 g4 54.f4 Bd5 55.Be4 Bxe4 56.Nxe4+ Kf5 57.Kd3 h4
58.Nf2 h3 59.Ne4 Bf8  1/2-1/2